|
|
|
|
| LEADER |
00940nam a22002057a 4500 |
| 001 |
5590 |
| 003 |
BD-DhAAL |
| 008 |
130905s1994 xxka 000 0 eng |
| 082 |
|
|
|2 22
|a 303.4825
|
| 245 |
0 |
0 |
|a Changing global realities and the future of Asian peoples :
|b (proceedings of the 1993 arena workshop, Manila Philippines).
|
| 260 |
|
|
|a London :
|b Asian Regional Exchange for New Alternatives (ARENA) ;
|c 1994.
|
| 300 |
|
|
|a 175 p. ;
|c 23 cm.
|
| 490 |
|
0 |
|a Asian exchange quarterly bulletin of the Asian Regional Exchange for New Alternatives. ;
|v v. 10, no. 2
|
| 541 |
|
|
|e 5590
|
| 650 |
|
0 |
|a Globalization
|z Asia.
|9 2321
|
| 650 |
|
0 |
|a Social change
|z Asia.
|9 2322
|
| 710 |
2 |
|
|a Asian Regional Exchange for New Alternatives.
|9 2931
|
| 942 |
|
|
|2 ddc
|c BK
|
| 999 |
|
|
|c 13930
|d 13930
|
| 952 |
|
|
|0 0
|1 0
|2 ddc
|4 0
|6 303_482500000000000_CHA
|7 0
|9 23323
|a BRACUL
|b BRACUL
|c GEN
|d 2013-09-05
|g 0.00
|l 0
|o 303.4825 CHA
|p 3010005590
|r 2013-09-05
|t 1
|w 2013-09-05
|y BK
|z Not price in Register
|